[Event "22nd ch-EUR Indiv 2022"]
[Site "Terme Catez SLO"]
[Date "2022.04.02"]
[Round "7.94"]
[White "Bilovil, Bogdan"]
[Black "Georgiev, Kiril"]
[Result "1-0"]
[BlackTitle "GM"]
[WhiteElo "2272"]
[BlackElo "2564"]
[WhiteFideId "14168766"]
[BlackFideId "2900017"]
[EventDate "2022.03.27"]

1. d4 Nf6 2. c4 e6 3. Nc3 Bb4 4. Qc2 d5 5. a3 Bxc3+ 6. Qxc3 c5 7. Qg3 Nc6 8. Nf3
cxd4 9. cxd5 exd5 10. Qxg7 Rg8 11. Qh6 Rg6 12. Qf4 Rg4 13. Qh6 Rg6 14. Qf4 Ne4
15. Ne5 Be6 16. Nxg6 hxg6 17. Qh6 Kd7 18. f3 Nd6 19. g4 d3 20. exd3 Nd4 21. Kf2
Rc8 22. Be2 Rc2 23. Re1 Qf6 24. Qf4 Qh4+ 25. Qg3 Qh8 26. Rb1 Qc8 27. Qg1 f5 28.
h3 fxg4 29. hxg4 Qh8 30. Bf4 Qf6 31. Qg3 Nf7 32. b4 Nb5 33. a4 Nc3 34. Rbc1 Rb2
35. b5 d4 36. Bb8 Ke8 37. Kf1 Kf8 38. Bxa7 Kg8 39. Qb8+ Kg7 40. Qg3 Bd5 41. Qf2
Rb4 42. Bc5 Rxa4 43. Ra1 b6 44. Rxa4 bxc5 45. Ra6 Qf4 46. b6 Nd6 47. Ra7+ Bb7
48. Bd1 Nd5 49. Bb3 Ne3+ 50. Rxe3 dxe3 51. Qb2+ Kh6 52. Qh8+ Kg5 53. Qd8+ Kh6
54. Qh4+ Kg7 55. Bd5 Qd4 56. Be4 Qb2 57. Qe7+ Kh6 58. g5+ Kh5 59. Qh7+ Kxg5 60.
Qxg6+ Kf4 1-0

[Event "22nd ch-EUR Indiv 2022"]
[Site "Terme Catez SLO"]
[Date "2022.04.02"]
[Round "7.95"]
[White "David, Alberto"]
[Black "Eric, Jovana"]
[Result "1-0"]
[WhiteTitle "GM"]
[BlackTitle "WGM"]
[WhiteElo "2545"]
[BlackElo "2278"]
[WhiteFideId "4000013"]
[BlackFideId "938238"]
[EventDate "2022.03.27"]

1. e4 c5 2. Nf3 d6 3. Bb5+ Nd7 4. Ba4 Nf6 5. O-O a6 6. c4 e6 7. Nc3 Be7 8. d3
O-O 9. Qe2 b6 10. Ng5 h6 11. Nh3 Bb7 12. f4 Rb8 13. Bd2 b5 14. Bc2 b4 15. Nd1
Nb6 16. Ndf2 Re8 17. Rae1 d5 18. cxd5 exd5 19. e5 Bf8 20. Ng4 Nxg4 21. Qxg4 Kh8
22. Ng5 hxg5 23. d4 Kg8 24. Qh3 g6 25. f5 Bc8 26. e6 Rb7 27. fxg6 f5 28. Bxf5
Rg7 29. Qh5 Be7 30. Re3 Bf6 31. Rh3 Kf8 32. Bg4 Bxe6 33. Bxg5 Nd7 34. Qh8+ Rg8
35. Bxf6 Rxh8 36. Rxh8+ Bg8 37. Bxd8+ Kg7 38. Bc7 1-0

[Event "22nd ch-EUR Indiv 2022"]
[Site "Terme Catez SLO"]
[Date "2022.04.02"]
[Round "7.96"]
[White "Firat, Burak"]
[Black "Shpanko, Nadiia"]
[Result "1-0"]
[WhiteTitle "GM"]
[BlackTitle "WIM"]
[WhiteElo "2487"]
[BlackElo "2247"]
[WhiteFideId "6305881"]
[BlackFideId "14132400"]
[EventDate "2022.03.27"]

1. c4 c5 2. Nf3 Nf6 3. Nc3 d5 4. cxd5 Nxd5 5. g3 Nc6 6. Bg2 Nc7 7. a3 e5 8. b4
Bd6 9. O-O O-O 10. bxc5 Bxc5 11. d3 Rb8 12. Rb1 Bd7 13. a4 a5 14. Ne4 Bb4 15.
Bb2 Qe7 16. e3 Rfd8 17. Nh4 b5 18. axb5 Nxb5 19. Qh5 f6 20. f4 Qe8 21. Qe2 Kh8
22. Rbc1 a4 23. Ba1 a3 24. Bf3 Na5 25. fxe5 fxe5 26. Bh5 Qe6 27. Ng5 Qe7 28.
Nf7+ Kg8 29. Nxd8 Rxd8 30. Bf7+ Kh8 31. Qh5 1-0

[Event "22nd ch-EUR Indiv 2022"]
[Site "Terme Catez SLO"]
[Date "2022.04.02"]
[Round "7.97"]
[White "Muetsch, Annmarie"]
[Black "Ioannidis, Evgenios"]
[Result "0-1"]
[WhiteTitle "WIM"]
[BlackTitle "IM"]
[WhiteElo "2263"]
[BlackElo "2481"]
[WhiteFideId "12971367"]
[BlackFideId "4229274"]
[EventDate "2022.03.27"]

1. e4 e5 2. Nf3 Nc6 3. Bc4 Nf6 4. Ng5 d5 5. exd5 Na5 6. Bb5+ c6 7. dxc6 bxc6 8.
Be2 h6 9. Nh3 Bd6 10. d3 O-O 11. O-O c5 12. Bf3 Rb8 13. Nc3 Be6 14. Kh1 Qc8 15.
Ne4 Nxe4 16. dxe4 Rd8 17. Qe1 Qa6 18. b3 c4 19. Bd2 Nc6 20. c3 Ba3 21. Bc1 Bxc1
22. Qxc1 Bxh3 23. gxh3 cxb3 24. axb3 Qd3 25. Qe3 Rxb3 26. Rac1 Qxe3 27. fxe3 Rd2
28. Rg1 Rd3 29. Be2 Rxe3 30. Bc4 Rbxc3 31. Bd5 Nb4 0-1

[Event "22nd ch-EUR Indiv 2022"]
[Site "Terme Catez SLO"]
[Date "2022.04.02"]
[Round "7.98"]
[White "Loiseau, Quentin"]
[Black "Zadravec, Matija"]
[Result "1-0"]
[WhiteTitle "IM"]
[WhiteElo "2474"]
[BlackElo "2239"]
[WhiteFideId "665274"]
[BlackFideId "14533413"]
[EventDate "2022.03.27"]

1. d4 Nf6 2. Nf3 e6 3. c4 Bb4+ 4. Nbd2 O-O 5. a3 Be7 6. b3 c5 7. Bb2 d6 8. g3 b6
9. Bg2 Bb7 10. O-O cxd4 11. Bxd4 Nc6 12. Bb2 a6 13. Qb1 b5 14. Ng5 e5 15. f4 h6
16. Nge4 Nxe4 17. Nxe4 bxc4 18. bxc4 exf4 19. Bxg7 Kxg7 20. Qxb7 Ne5 21. gxf4
Nxc4 22. Ng3 Ne3 23. Nh5+ Kh8 24. Qb2+ f6 25. Bxa8 Nxf1 26. Bf3 Ne3 27. Rc1 Qd7
28. Kh1 Qe6 29. Rg1 Rg8 30. Rxg8+ Kxg8 31. Qc1 Kf7 32. Qg1 Qb3 33. Qg7+ Ke8 34.
Nxf6+ Bxf6 35. Bc6+ Kd8 36. Qd7# 1-0

[Event "22nd ch-EUR Indiv 2022"]
[Site "Terme Catez SLO"]
[Date "2022.04.02"]
[Round "7.99"]
[White "Mitev, Valentin"]
[Black "Kaasen, Tor Fredrik"]
[Result "0-1"]
[WhiteTitle "FM"]
[BlackTitle "IM"]
[WhiteElo "2255"]
[BlackElo "2460"]
[WhiteFideId "2921707"]
[BlackFideId "1516647"]
[EventDate "2022.03.27"]

1. d4 Nf6 2. c4 e6 3. Nc3 Bb4 4. e3 O-O 5. Bd3 d5 6. a3 Bxc3+ 7. bxc3 dxc4 8.
Bxc4 c5 9. Bb2 Qc7 10. Be2 b6 11. Nf3 Ba6 12. c4 Rd8 13. Rc1 Nbd7 14. O-O Rac8
15. Qb3 Ne4 16. Rfd1 Nd6 17. d5 exd5 18. Rxd5 Bb7 19. Rd3 f6 20. Rcd1 Nf7 21.
Nh4 Nde5 22. Rxd8+ Rxd8 23. f4 Nc6 24. Bd3 Qe7 25. Kf2 Re8 26. Bb1 Na5 27. Qc3
Nd6 28. Qd3 Be4 29. Qxd6 Qxd6 30. Rxd6 Bxb1 31. Rd1 Be4 32. Rc1 Rd8 33. Nf3 Rd3
34. Rc3 Rxc3 35. Bxc3 Nxc4 36. Nd2 Nxd2 37. Bxd2 Kf7 38. g4 Ke6 39. Bc3 Kd5 40.
g5 fxg5 41. Bxg7 gxf4 42. exf4 Kc4 43. Be5 b5 44. Ke3 Bf5 45. Bc7 Kb3 46. Bd6 c4
47. Be7 c3 48. Bf6 c2 49. Kd2 Kxa3 0-1

[Event "22nd ch-EUR Indiv 2022"]
[Site "Terme Catez SLO"]
[Date "2022.04.02"]
[Round "7.100"]
[White "Mihov, Filip"]
[Black "Sousa, Andre Ventura"]
[Result "0-1"]
[BlackTitle "IM"]
[WhiteElo "2255"]
[BlackElo "2429"]
[WhiteFideId "15003892"]
[BlackFideId "1917617"]
[EventDate "2022.03.27"]

1. c4 g6 2. Nc3 c5 3. g3 Bg7 4. Bg2 Nc6 5. a3 b6 6. e3 Bb7 7. d3 e6 8. Nge2 Nge7
9. O-O O-O 10. b4 d6 11. Qb3 Qd7 12. f4 d5 13. bxc5 Na5 14. Qb4 dxc4 15. Bxb7
Nxb7 16. Qxc4 Na5 17. c6 Nexc6 18. Qb5 Rfd8 19. d4 Rac8 20. Bb2 Ne7 21. Qxd7
Rxd7 22. Rad1 f5 23. Rd3 Kf7 24. Rfd1 Nd5 25. e4 fxe4 26. Nxe4 Rc2 27. R1d2 Rdc7
28. Ng5+ Ke7 29. Nc3 R7xc3 30. Bxc3 Rxc3 31. Rxc3 Nxc3 32. Nxh7 Nc4 33. Rd3 Ne2+
34. Kg2 Nxd4 35. h4 b5 36. Ng5 a5 37. g4 Nc2 38. Kg3 N2xa3 39. Rd1 Nc2 40. Rh1
a4 41. Rh2 N4e3 0-1

[Event "22nd ch-EUR Indiv 2022"]
[Site "Terme Catez SLO"]
[Date "2022.04.02"]
[Round "7.101"]
[White "Marn, Jan"]
[Black "Sarrau, Jelle"]
[Result "1-0"]
[WhiteTitle "FM"]
[BlackTitle "FM"]
[WhiteElo "2232"]
[BlackElo "2401"]
[WhiteFideId "14619245"]
[BlackFideId "207608"]
[EventDate "2022.03.27"]

1. d4 Nf6 2. c4 e6 3. Nc3 Bb4 4. f3 d5 5. a3 Bxc3+ 6. bxc3 c5 7. cxd5 exd5 8. e3
O-O 9. Bd3 b6 10. Ne2 Ba6 11. O-O Bxd3 12. Qxd3 Nc6 13. Ng3 Re8 14. Bb2 Qd7 15.
e4 dxe4 16. fxe4 Qg4 17. Rxf6 gxf6 18. Rf1 Qg6 19. Rf4 Kh8 20. Qf1 Na5 21. Rxf6
Qg7 22. Nh5 Qg5 23. Rxf7 Rxe4 24. Rf8+ 1-0

[Event "22nd ch-EUR Indiv 2022"]
[Site "Terme Catez SLO"]
[Date "2022.04.02"]
[Round "7.102"]
[White "Pasti, Aron"]
[Black "Gershkowich, David"]
[Result "1-0"]
[WhiteTitle "FM"]
[BlackTitle "FM"]
[WhiteElo "2398"]
[BlackElo "2233"]
[WhiteFideId "785857"]
[BlackFideId "2803356"]
[EventDate "2022.03.27"]

1. e4 c5 2. Nf3 d6 3. d4 cxd4 4. Nxd4 Nf6 5. Nc3 Bd7 6. Bg5 Qb6 7. Qd2 Nc6 8.
Ndb5 Qa5 9. Na3 Rb8 10. Nc4 Qd8 11. a4 h6 12. Bxf6 gxf6 13. f4 h5 14. Nd5 f5 15.
Qc3 Rh6 16. exf5 Bxf5 17. O-O-O Rg6 18. Nde3 Bg7 19. Qe1 Be4 20. f5 Rh6 21. Nd2
Qb6 22. Nec4 Bxb2+ 23. Nxb2 Bxf5 24. Ndc4 Qc7 25. Bd3 Bg4 26. Qd2 Re6 27. Rdf1
d5 28. Ne3 Qd6 29. Kb1 Qa3 30. Nxd5 Rd6 31. Nc4 1-0

[Event "22nd ch-EUR Indiv 2022"]
[Site "Terme Catez SLO"]
[Date "2022.04.02"]
[Round "7.103"]
[White "Lozynskyi, Bohdan"]
[Black "Sokolovsky, Yahli"]
[Result "1-0"]
[BlackTitle "FM"]
[WhiteElo "2201"]
[BlackElo "2395"]
[WhiteFideId "14182602"]
[BlackFideId "2820242"]
[EventDate "2022.03.27"]

1. e4 e5 2. Nf3 Nc6 3. Bc4 Bc5 4. O-O d6 5. d3 Nf6 6. c3 a6 7. a4 Ba7 8. Nbd2
O-O 9. h3 Kh8 10. Re1 Ng8 11. Nf1 f5 12. Be3 f4 13. Bxa7 Rxa7 14. d4 Qf6 15.
dxe5 dxe5 16. N1h2 g5 17. Nd2 Qg6 18. Bd5 Nf6 19. Bxc6 bxc6 20. Nc4 Qe8 21. Qe2
Rg8 22. f3 Qe7 23. Qf2 Rb7 24. b4 Nd7 25. Rad1 Rb8 26. Rd2 Nb6 27. Na5 Bd7 28.
Red1 Be8 29. Ng4 Rg6 30. Qe2 h5 31. Nf2 Nxa4 32. Qc4 c5 33. Nd3 Bb5 34. Qb3 cxb4
35. Nxb4 Nc5 36. Qd5 Rbb6 37. Qa8+ Rg8 38. Rd8 Rg6 39. Nac6 Qe6 40. Rxg8+ Rxg8
41. Rd8 Kg7 42. Ne7 Rxd8 43. Qxd8 c6 44. Nf5+ Kf7 45. Qxg5 Nd7 46. Qg7+ Ke8 47.
Qh8+ Kf7 48. c4 a5 49. cxb5 axb4 50. bxc6 Nb6 51. Qg7+ Ke8 52. Qc7 1-0

[Event "22nd ch-EUR Indiv 2022"]
[Site "Terme Catez SLO"]
[Date "2022.04.02"]
[Round "7.104"]
[White "Janzelj, Lara"]
[Black "Golubovic, Boris"]
[Result "1/2-1/2"]
[WhiteTitle "WIM"]
[BlackTitle "IM"]
[WhiteElo "2160"]
[BlackElo "2393"]
[WhiteFideId "14608391"]
[BlackFideId "14502160"]
[EventDate "2022.03.27"]

1. d4 d6 2. Nf3 Nf6 3. c4 g6 4. Nc3 Bf5 5. g3 Ne4 6. Qb3 Nxc3 7. Qxc3 Bg7 8. Bg2
Be4 9. Bf4 c5 10. Qe3 Qa5+ 11. Kf1 Bxf3 12. Bxf3 Bxd4 13. Qe4 Nc6 14. Bxd6 O-O
15. Bf4 Qa6 16. Qc2 Bg7 17. Qb3 Nd4 18. Qxb7 Qxc4 19. Rc1 Qxa2 20. Bd5 Qa5 21.
Qxe7 Rac8 22. Kg2 c4 23. e4 Ne2 24. Rxc4 Nxf4+ 25. gxf4 Rxc4 26. Bxc4 Qd2 27. b3
Qxf4 28. h3 Bf6 29. Qb7 Qg5+ 30. Kf1 Bd4 31. Qc7 Qh4 32. Qg3 Qxe4 33. Rg1 Re8
34. Bd3 Qc6 35. Bc4 Re5 36. Qf4 Qd7 37. Rg4 Bc3 38. Rg3 Re1+ 39. Kg2 Be5 40. Rd3
Qe7 41. Qd2 Bf6 42. Rd7 Qe4+ 43. f3 Qe5 44. Rxf7 Re2+ 45. Qxe2 Qxe2+ 46. Bxe2
Kxf7 1/2-1/2

[Event "22nd ch-EUR Indiv 2022"]
[Site "Terme Catez SLO"]
[Date "2022.04.02"]
[Round "7.105"]
[White "Redzisz, Michal"]
[Black "Lutsko, Artem"]
[Result "0-1"]
[WhiteTitle "FM"]
[WhiteElo "2223"]
[BlackElo "2390"]
[WhiteFideId "21816107"]
[BlackFideId "14188767"]
[EventDate "2022.03.27"]

1. Nf3 Nf6 2. b3 d5 3. e3 g6 4. Bb2 Bg7 5. c4 c5 6. d4 cxd4 7. exd4 O-O 8. c5
Nc6 9. Be2 Ne4 10. Qc1 Bg4 11. O-O Bxf3 12. gxf3 Nxd4 13. Bd1 Nxc5 14. Qxc5 Rc8
15. Qxd4 Bxd4 16. Bxd4 e5 17. Be3 f5 18. Bd2 Qh4 19. f4 e4 20. Nc3 Rfd8 21. b4
d4 22. Bb3+ Kh8 23. Nd5 Qg4+ 24. Kh1 Qe2 25. Rad1 Qb5 26. Nc3 dxc3 27. Bxc3+
Rxc3 28. Rxd8+ Kg7 29. Rfd1 Qe2 30. R8d7+ Kh6 31. Bg8 Rc7 32. Rxc7 Qf3+ 33. Kg1
Qxd1+ 34. Kg2 Qf3+ 0-1

[Event "22nd ch-EUR Indiv 2022"]
[Site "Terme Catez SLO"]
[Date "2022.04.02"]
[Round "7.106"]
[White "Barp, Alberto"]
[Black "Damia, Angelo"]
[Result "1/2-1/2"]
[WhiteTitle "IM"]
[BlackTitle "IM"]
[WhiteElo "2388"]
[BlackElo "2223"]
[WhiteFideId "872555"]
[BlackFideId "812668"]
[EventDate "2022.03.27"]

1. d4 d5 2. c4 e6 3. Nf3 Nf6 4. g3 dxc4 5. Bg2 Nc6 6. Qa4 Bb4+ 7. Bd2 Nd5 8.
Bxb4 Nxb4 9. O-O Rb8 10. Na3 O-O 11. Qb5 b6 12. Qxc4 Ba6 13. Nb5 Qd5 14. Qxd5
Nxd5 15. a4 Rfd8 16. Rac1 Bb7 17. e3 a6 18. Nc3 Ndb4 19. Rfd1 Na5 20. Ne2 Rbc8
21. Ne5 Bd5 22. Nf4 Bb3 23. Re1 Bxa4 24. Rc3 c6 25. Bh3 Nd5 26. Ra3 Bb3 27. Nxe6
fxe6 28. Bxe6+ Kf8 29. Bxc8 Rxc8 30. Nd7+ Ke7 31. Nxb6 Nxb6 32. Rxa5 Bc4 33. Rc5
Bb5 34. b3 Nd7 35. Rc3 Nf6 36. e4 Rd8 37. Rd1 Kf7 38. f3 g5 39. h3 h5 40. g4
hxg4 41. hxg4 Kg6 42. Kf2 Ne8 43. Rc5 Ng7 44. Re5 Kf6 45. Ke3 Rh8 46. Rc5 Ne6
47. Rf5+ Kg6 48. d5 Ng7 49. d6 Nxf5+ 50. gxf5+ Kf6 51. Kd4 Be2 52. Re1 Bxf3 53.
e5+ Kxf5 54. e6 c5+ 55. Kxc5 Rc8+ 56. Kd4 Rd8 57. Kc5 Rc8+ 1/2-1/2

[Event "22nd ch-EUR Indiv 2022"]
[Site "Terme Catez SLO"]
[Date "2022.04.02"]
[Round "7.107"]
[White "Ohanyan, Emin"]
[Black "Bauer, Thomas"]
[Result "0-1"]
[WhiteTitle "IM"]
[BlackTitle "CM"]
[WhiteElo "2379"]
[BlackElo "2224"]
[WhiteFideId "13312022"]
[BlackFideId "1639293"]
[EventDate "2022.03.27"]

1. e4 c5 2. Nf3 d6 3. d4 cxd4 4. Nxd4 Nf6 5. Nc3 a6 6. Bg5 e6 7. f4 Be7 8. Qf3
Qc7 9. O-O-O Nbd7 10. Be2 b5 11. Bxf6 gxf6 12. f5 Ne5 13. Qh3 b4 14. Nb1 Qa5 15.
Qb3 d5 16. fxe6 fxe6 17. Bh5+ Kf8 18. Qe3 h6 19. exd5 Qxa2 20. b3 exd5 21. Rhf1
Kg8 22. Nc6 Rh7 23. Qg3+ Kh8 24. Nxe5 Bf5 25. Nf7+ Rxf7 26. Rxf5 Rc8 27. Qd3 Rg7
28. Bf3 Bc5 29. Kd2 Bd4 30. Qxd4 Qxc2+ 31. Ke1 Qxf5 32. Nd2 Rd8 33. Kf2 Re7 34.
Nf1 Qc2+ 35. Rd2 Qc3 36. Ne3 Re5 37. Ng4 Rf8 38. Rd3 Qe1# 0-1

[Event "22nd ch-EUR Indiv 2022"]
[Site "Terme Catez SLO"]
[Date "2022.04.02"]
[Round "7.108"]
[White "Krzywda, Andrzej"]
[Black "Tomazini, Zan"]
[Result "1-0"]
[WhiteTitle "CM"]
[BlackTitle "IM"]
[WhiteElo "2152"]
[BlackElo "2376"]
[WhiteFideId "1114565"]
[BlackFideId "14608162"]
[EventDate "2022.03.27"]

1. e4 c5 2. Nf3 d6 3. d4 cxd4 4. Nxd4 Nf6 5. Nc3 a6 6. Be3 Bd7 7. f3 Nc6 8. Qd2
Rc8 9. O-O-O h5 10. h3 b5 11. Kb1 g6 12. Be2 h4 13. a3 Bg7 14. Qe1 Qc7 15. Rf1
Nxd4 16. Bxd4 a5 17. Bd3 e5 18. Nxb5 Bxb5 19. Bxb5+ Ke7 20. Bc3 Rh5 21. Rf2 Ra8
22. Rfd2 Kf8 23. Rxd6 Kg8 24. a4 Rg5 25. Qd2 Nh7 26. Rd8+ Rxd8 27. Qxd8+ Qxd8
28. Rxd8+ Nf8 29. Bf1 Kh7 30. Bd2 Rh5 31. Bc4 f5 32. b4 axb4 33. a5 1-0

[Event "22nd ch-EUR Indiv 2022"]
[Site "Terme Catez SLO"]
[Date "2022.04.02"]
[Round "7.109"]
[White "Roseneck, Jonas"]
[Black "Ciolek, Andreas"]
[Result "1-0"]
[WhiteTitle "FM"]
[BlackTitle "FM"]
[WhiteElo "2376"]
[BlackElo "2191"]
[WhiteFideId "12939870"]
[BlackFideId "12906727"]
[EventDate "2022.03.27"]

1. d4 g6 2. e4 c6 3. Nc3 d5 4. h3 dxe4 5. Nxe4 Nf6 6. Nxf6+ exf6 7. Nf3 Bg7 8.
Be2 O-O 9. O-O a5 10. Be3 Na6 11. c4 Nc7 12. Rc1 Re8 13. Qd2 Bf8 14. Rfd1 Bd6
15. d5 c5 16. Bd3 Na6 17. Bf4 Qc7 18. Bxd6 Qxd6 19. Re1 Rd8 20. Qh6 Qf8 21. Qh4
Qd6 22. Nd2 Kg7 23. Ne4 Qe5 24. Nxc5 Qxb2 25. Nxa6 Rxa6 26. c5 Ra8 27. Qc4 Qd2
28. h4 a4 29. Rcd1 Qa5 30. Re7 b5 31. Qd4 Be6 32. d6 Rac8 33. Be4 Bxa2 34. Bd5
Bxd5 35. Qxd5 Rf8 36. c6 a3 37. c7 Qc3 38. Re3 Qb2 39. Rb3 Qe2 40. Rxa3 b4 41.
Ra7 Ra8 42. Rxa8 Rxa8 43. d7 Ra2 44. Rf1 1-0

[Event "22nd ch-EUR Indiv 2022"]
[Site "Terme Catez SLO"]
[Date "2022.04.02"]
[Round "7.110"]
[White "Risteski, Emil"]
[Black "Gombocz, Ferenc Jr."]
[Result "1-0"]
[WhiteTitle "FM"]
[BlackTitle "FM"]
[WhiteElo "2374"]
[BlackElo "2188"]
[WhiteFideId "15005267"]
[BlackFideId "775029"]
[EventDate "2022.03.27"]

1. e4 e5 2. Nf3 Nc6 3. Bc4 Nf6 4. d3 Be7 5. O-O O-O 6. Re1 d6 7. a4 Na5 8. Ba2
c5 9. c3 Nc6 10. Na3 h6 11. Bd2 a6 12. h3 Re8 13. Nc2 Bf8 14. Ne3 Be6 15. Bxe6
Rxe6 16. c4 a5 17. Rf1 Re8 18. g3 g6 19. Ne1 Bg7 20. Bc3 Nd4 21. Bxd4 exd4 22.
N3g2 Nh7 23. f4 f5 24. exf5 gxf5 25. Qh5 Rf8 26. Nh4 Qe8 27. Qxe8 Raxe8 28. Neg2
Rf6 29. Rfe1 Rxe1+ 30. Nxe1 Nf8 31. Ra3 Nd7 32. Rb3 b6 33. Nc2 Bf8 34. Na3 Be7
35. Nb5 Bd8 36. Ra3 Nf8 37. Ra1 Ng6 38. Nxg6 Rxg6 39. Kf2 h5 40. Re1 Kf7 41. Kf3
Kf8 42. Re2 Kf7 43. Na3 Be7 44. Nb1 Bd8 45. Nd2 Be7 46. Nf1 Rg8 47. Nh2 Rh8 48.
Kg2 Rg8 49. Kf2 Bd8 50. Kf3 Rh8 51. Nf1 Rg8 52. Nh2 Rh8 53. Kf2 Rg8 54. Nf3 Be7
55. Re1 Rg6 56. Nh2 Rg8 57. Rg1 Rh8 58. Nf1 Re8 59. g4 Bh4+ 60. Kf3 hxg4+ 61.
hxg4 Re1 62. Rh1 Bf6 63. gxf5 Rb1 64. Ng3 Rxb2 65. Ne4 Bg7 66. Nxd6+ Kf8 67. Re1
Bf6 68. Re6 Be7 69. Ne4 Rb3 70. f6 Rxd3+ 71. Kg4 Bd8 72. Nd6 Re3 73. Rxe3 dxe3
74. Kf3 Bc7 75. Nf5 e2 76. Kxe2 Bxf4 77. Kf3 Bg5 78. Ke4 Kf7 79. Kd5 Kxf6 80.
Nd6 Bf4 81. Nc8 Bc7 82. Kc6 Bd8 83. Nxb6 Ke5 84. Kxc5 Be7+ 85. Kb5 Kd4 86. Nd7
Bd8 87. Nb8 Bc7 88. Nc6+ Kd3 89. Nxa5 Kd4 90. Nc6+ 1-0

[Event "22nd ch-EUR Indiv 2022"]
[Site "Terme Catez SLO"]
[Date "2022.04.02"]
[Round "7.111"]
[White "Veleski, Robert"]
[Black "Manca, Federico"]
[Result "0-1"]
[WhiteTitle "FM"]
[BlackTitle "IM"]
[WhiteElo "2136"]
[BlackElo "2370"]
[WhiteFideId "15001008"]
[BlackFideId "800171"]
[EventDate "2022.03.27"]

1. d4 d5 2. c4 e6 3. Nc3 c5 4. cxd5 exd5 5. Nf3 Nc6 6. Bf4 Nf6 7. e3 c4 8. Be2
Be7 9. Ne5 O-O 10. O-O Be6 11. b3 Qa5 12. Nxc6 bxc6 13. Na4 Rfd8 14. Qc2 Rac8
15. Rfd1 c5 16. Nxc5 Bxc5 17. dxc5 Rxc5 18. bxc4 dxc4 19. Rxd8+ Qxd8 20. Rd1 Qa5
21. e4 c3 22. a4 Rc8 23. h3 h6 24. Rb1 Bd7 25. Bb5 Bxb5 26. Rxb5 Qa6 27. Be3 Qe6
28. f3 a6 29. Rb4 Nd5 30. exd5 Qxe3+ 31. Kf1 Qc5 32. Rb3 Qc4+ 33. Kg1 Qxb3 0-1

[Event "22nd ch-EUR Indiv 2022"]
[Site "Terme Catez SLO"]
[Date "2022.04.02"]
[Round "7.112"]
[White "Kalogeris, Ioannis"]
[Black "Kanyamarala, Trisha"]
[Result "1-0"]
[WhiteTitle "FM"]
[BlackTitle "WIM"]
[WhiteElo "2368"]
[BlackElo "2180"]
[WhiteFideId "4239563"]
[BlackFideId "45004722"]
[EventDate "2022.03.27"]

1. d4 Nf6 2. Nf3 d5 3. Nbd2 e6 4. g3 c5 5. Bg2 cxd4 6. Nxd4 e5 7. N4b3 Nc6 8.
O-O Be7 9. c4 d4 10. Ne4 Nxe4 11. Bxe4 Be6 12. Nd2 f5 13. Bxc6+ bxc6 14. Qa4 Bd7
15. c5 Bxc5 16. Nc4 Qc7 17. Bd2 O-O 18. Qa5 Qxa5 19. Bxa5 Rfe8 20. Bc7 e4 21.
Ne5 Re7 22. Rfc1 Be8 23. Rxc5 Rxc7 24. Rac1 Rd8 25. Kf1 Rd6 26. b4 Rb7 27. a3 g6
28. Nxc6 Bxc6 29. Rxc6 Rdd7 30. Ke1 Kf7 31. R1c5 Ke7 32. Re5+ Kf7 33. g4 Rb6 34.
Rxb6 axb6 35. gxf5 gxf5 36. Rxf5+ Ke6 37. Rb5 Ra7 38. Rxb6+ Kd5 39. Rb5+ Kc4 40.
Rc5+ Kb3 41. Re5 Rxa3 42. Rxe4 Kc3 43. f4 Rb3 44. f5 Rxb4 45. f6 Rb8 46. Rf4 Kc4
47. f7 Rf8 48. Kd2 Kd5 49. Kd3 Ke5 50. Rf1 Kd5 51. Rf5+ Ke6 52. Ke4 Ke7 53. Ke5
Rxf7 54. Rxf7+ Kxf7 55. Kxd4 Ke6 56. Ke4 h5 57. h4 1-0

[Event "22nd ch-EUR Indiv 2022"]
[Site "Terme Catez SLO"]
[Date "2022.04.02"]
[Round "7.113"]
[White "Horvat, Damjan"]
[Black "Lenaerts, Lennert"]
[Result "0-1"]
[BlackTitle "FM"]
[WhiteElo "2145"]
[BlackElo "2361"]
[WhiteFideId "14545535"]
[BlackFideId "211435"]
[EventDate "2022.03.27"]

1. e4 c5 2. Nf3 e6 3. c4 Nc6 4. d4 cxd4 5. Nxd4 Nf6 6. Nc3 Bb4 7. Nxc6 bxc6 8.
Bd3 e5 9. O-O Bc5 10. Qe2 d6 11. Be3 Bxe3 12. Qxe3 Qb6 13. c5 Qxb2 14. Rac1 O-O
15. Rc2 Qa3 16. Nb1 Qb4 17. a3 Qb8 18. Nc3 Rd8 19. Rb1 Qc7 20. h3 Qa5 21. cxd6
Qxa3 22. Bc4 Qxd6 23. Ra1 Qe7 24. f3 h6 25. Ra4 Nh5 26. Ne2 a5 27. g4 Rd1+ 28.
Kg2 Nf6 29. Rca2 Be6 30. Qb3 Bxc4 31. Qxc4 Qc7 32. Qc3 Nd7 33. Rxa5 Rxa5 34.
Qxa5 Qxa5 35. Rxa5 Kf8 36. f4 Rd2 37. Kf2 exf4 38. Ke1 Rd3 39. Nxf4 Re3+ 40. Kf2
Rxe4 41. Nd3 Rd4 42. Ke3 Rd6 43. Ra8+ Ke7 44. Rc8 Nb6 45. Rc7+ Kf6 46. Ke4 Nd5
47. Rb7 Nc3+ 48. Ke3 Re6+ 49. Kf3 Nd5 50. Kf2 Re7 51. Rb3 Re3 52. Nc5 Rxb3 53.
Nxb3 Ke5 54. Kf3 g5 55. Na5 c5 56. Nc4+ Kd4 57. Nd6 f6 58. Ke2 Nf4+ 59. Kd2 Nxh3
60. Nf5+ Ke4 0-1

[Event "22nd ch-EUR Indiv 2022"]
[Site "Terme Catez SLO"]
[Date "2022.04.02"]
[Round "7.114"]
[White "Langheinrich, Ferenc"]
[Black "Laptii, Nazar"]
[Result "1-0"]
[WhiteTitle "IM"]
[WhiteElo "2351"]
[BlackElo "2180"]
[WhiteFideId "4641973"]
[BlackFideId "14174332"]
[EventDate "2022.03.27"]

1. b3 e5 2. Bb2 Nc6 3. c4 Nf6 4. d3 d5 5. cxd5 Nxd5 6. Nd2 Bg4 7. a3 Qd7 8. Ngf3
f6 9. e3 Bc5 10. h3 Be6 11. Qc1 Be7 12. h4 O-O 13. Be2 Rfd8 14. Qc2 Bf8 15. h5
Qf7 16. Nh4 Nb6 17. g4 Nd7 18. d4 Be7 19. Bd3 Nf8 20. dxe5 Rd7 21. Bc4 Rad8 22.
Nhf3 Na5 23. Bxe6 Nxe6 24. b4 Nc6 25. Qf5 Rd5 26. Ne4 a5 27. bxa5 Rxa5 28. h6 g6
29. Nxf6+ Bxf6 30. Qxf6 Qd7 31. Ng5 Re8 32. Rd1 Qe7 33. Qxe6+ Qxe6 34. Nxe6 Rxe6
35. f4 Rb5 36. Rh2 Rb3 37. Re2 g5 38. fxg5 Re7 39. Kf2 Kf7 40. e6+ Rxe6 41. Bf6
Rxa3 42. Rd7+ Ne7 43. Rxc7 b6 44. Rb7 Ra4 45. Rd2 1-0

[Event "22nd ch-EUR Indiv 2022"]
[Site "Terme Catez SLO"]
[Date "2022.04.02"]
[Round "7.115"]
[White "Greicius, Pijus"]
[Black "Bilych, Olexiy"]
[Result "0-1"]
[BlackTitle "FM"]
[WhiteElo "2100"]
[BlackElo "2342"]
[WhiteFideId "12819093"]
[BlackFideId "14156504"]
[EventDate "2022.03.27"]

1. d4 Nf6 2. c4 e6 3. Nc3 Bb4 4. f3 d6 5. e4 c5 6. d5 b5 7. Bd2 a6 8. a3 Ba5 9.
Be3 O-O 10. Be2 exd5 11. cxd5 Re8 12. g4 Bxg4 13. fxg4 Nxe4 14. Qd3 c4 15. Qd4
Nd7 16. O-O-O Nxc3 0-1